<?xml version="1.0" encoding="UTF-8"?>
<record
    xmlns:xsi="http://www.w3.org/2001/XMLSchema-instance"
    xsi:schemaLocation="http://www.loc.gov/MARC21/slim http://www.loc.gov/standards/marcxml/schema/MARC21slim.xsd"
    xmlns="http://www.loc.gov/MARC21/slim">

  <leader>01191nam a22002537i 4500</leader>
  <datafield tag="999" ind1=" " ind2=" ">
    <subfield code="c">23367</subfield>
    <subfield code="d">23367</subfield>
  </datafield>
  <controlfield tag="003">AR-CdUCM</controlfield>
  <controlfield tag="008">250827b20252025 pe||||| |||| 00| 0 spa d</controlfield>
  <datafield tag="040" ind1=" " ind2=" ">
    <subfield code="a">MUNICIPALIDAD PROVINCIAL DEL CUSCO</subfield>
    <subfield code="c">BIBLIOTECA MUNICIPAL DEL CUSCO</subfield>
  </datafield>
  <datafield tag="082" ind1=" " ind2=" ">
    <subfield code="a">373.98561 / D</subfield>
    <subfield code="b">D</subfield>
  </datafield>
  <datafield tag="110" ind1=" " ind2=" ">
    <subfield code="a">Exalumnos de la Promoci&#xF3;n 1972 "V&#xED;ctor Andr&#xE9;s Belaunde Diez Canseco", del Glorioso Colegio Nacional de Ciencias</subfield>
    <subfield code="9">51571</subfield>
  </datafield>
  <datafield tag="245" ind1=" " ind2=" ">
    <subfield code="a">Dos Centurias Anhelantes de gloria y saber :</subfield>
    <subfield code="b">Libro conmemorativo de los exalumnos de la Promoci&#xF3;n 1972 /</subfield>
  </datafield>
  <datafield tag="260" ind1=" " ind2=" ">
    <subfield code="a">Cusco :</subfield>
  </datafield>
  <datafield tag="300" ind1=" " ind2=" ">
    <subfield code="a">319 p&#xE1;ginas. :</subfield>
    <subfield code="b">Ilustraciones</subfield>
    <subfield code="c">29x21 cm.</subfield>
  </datafield>
  <datafield tag="505" ind1=" " ind2=" ">
    <subfield code="a">Glorioso Colegio Nacional de Ciencias y Artes -- La casa vieja cienciana -- 45 a&#xF1;os despu&#xE9;s, recuerdos -- &#xBF;Qu&#xE9; es el Ciencianismo? -- Cr&#xF3;nicas de un Cincuentenario -- La mam&#xE1; de mois&#xE9;s -- El infaltable f&#xFA;tbol -- Arte y tradici&#xF3;n -- Sim&#xF3;n Bol&#xED;var y el Per&#xFA;</subfield>
  </datafield>
  <datafield tag="650" ind1=" " ind2=" ">
    <subfield code="a">Colegio Nacional Ciencias</subfield>
    <subfield code="9">51572</subfield>
  </datafield>
  <datafield tag="650" ind1=" " ind2=" ">
    <subfield code="a">Ciencianistas</subfield>
    <subfield code="9">51573</subfield>
  </datafield>
  <datafield tag="650" ind1=" " ind2=" ">
    <subfield code="a">Drama </subfield>
    <subfield code="9">560</subfield>
  </datafield>
  <datafield tag="650" ind1=" " ind2=" ">
    <subfield code="a">Ni&#xF1;o H&#xE9;roe a los quice a&#xF1;os</subfield>
    <subfield code="9">51574</subfield>
  </datafield>
  <datafield tag="650" ind1=" " ind2=" ">
    <subfield code="a">Huarachicuy</subfield>
    <subfield code="9">51575</subfield>
  </datafield>
  <datafield tag="650" ind1=" " ind2=" ">
    <subfield code="a">Los M&#xE9;rida</subfield>
    <subfield code="9">51576</subfield>
  </datafield>
  <datafield tag="942" ind1=" " ind2=" ">
    <subfield code="2">ddc</subfield>
    <subfield code="c">LIBROS</subfield>
  </datafield>
  <datafield tag="945" ind1=" " ind2=" ">
    <subfield code="a">pbjr</subfield>
    <subfield code="d">27-08-2025</subfield>
  </datafield>
  <datafield tag="952" ind1=" " ind2=" ">
    <subfield code="0">0</subfield>
    <subfield code="2">ddc</subfield>
    <subfield code="4">0</subfield>
    <subfield code="7">0</subfield>
    <subfield code="a">SH</subfield>
    <subfield code="b">SH</subfield>
    <subfield code="c">CART</subfield>
    <subfield code="d">2025-08-27</subfield>
    <subfield code="e">Donaci&#xF3;n</subfield>
    <subfield code="g">50.00</subfield>
    <subfield code="o">373.98561 / D</subfield>
    <subfield code="p">SH0000016978</subfield>
    <subfield code="r">2025-08-27</subfield>
    <subfield code="y">LIBROS</subfield>
  </datafield>
</record>
